000 01259cad a22001935a 4500
001 L154917
008 120201s2011 xxk f 000 0 eng d
035 _a(Sirsi) u154917
041 0 _aeng
110 2 _aWales
_bWelsh Assembly Government
245 0 0 _aBuilding regulations
_h[electronic resource]
260 _a[S.l.]
_bWelsh Government
_c2011
520 _aStatement and guidance about the change from midnight on 31 December 2011 when remaining functions under the Building Act 1984 passed from the UK Government to the Welsh Ministers. This includes powers to make Building Regulations. The functions transferred are limited under The Welsh Ministers (Transfer of Functions) (No. 2) Order 2009 (S.I. 2009/3019). Documents and guidance that is current and in force up to 31 December 2011 and which had previously applied to England and Wales will continue to apply in Wales following transfer of powers. Building regulations, the approved documents.
590 _aKA
651 4 _aWales
_y2007-
690 _aBuilding regulations
_96224
856 4 0 _uhttps://wales.gov.uk/topics/planning/buildingregs/;jsessionid=QSrBPNKRMCqy75pzWS94b33rxt3pdH8gxYyGB28cgbTdvJVwRVgn!1534110569?lang=en
_zView the web pages free of charge at wales.gov.uk
942 _n0
999 _c113233
_d113233